| 000 | 00671nmc a2200265 a 4500 | ||
|---|---|---|---|
| 003 | AR-BaBNM | ||
| 005 | 20251128204044.0 | ||
| 008 | 046119s1977 ||||||||||||||000 | spa|| | ||
| 040 | _cAR-BaBNM | ||
| 100 | 1 | _aAleixandre, Vicente | |
| 245 | 1 | 0 | _aLa destrucción, o, El amor |
| 246 | 1 | _aEl amor | |
| 250 | _a4ª ed. | ||
| 260 |
_aBuenos Aires _bLosada _c1977 |
||
| 300 | 0 | _a138 p. | |
| 490 | 0 |
_aBiblioteca clásica y contemporánea _vv. 260 |
|
| 500 | 0 | _aContiene índice en p. 137 | |
| 650 | 4 | _aLITERATURA ESPANOLA | |
| 650 | 4 | _aPOESIA | |
| 653 | 0 | _aVANGUARDIAS LITERARIAS | |
| 653 | 0 | _aULTRAISMO | |
| 655 | _aLITERATURA | ||
| 942 | _cBK | ||
| 998 | _cisola | ||
| 999 |
_c5985 _d5985 |
||